Národní divadlo 1983 : rekonstrukce a dostavba okolí /

Bibliographic Details
Main Author: Šnejdar, Josef
Format: Book
Language:Czech
Published: České Budějovice : Pozemní stavby, 1983.
Edition:Vyd. 1.
Subjects:

MARC

Tag First Indicator Second Indicator Subfields
LEADER 00000cam a2200000 a 4500
001 in00001402971
005 20151020053110.0
008 920130s1983 xr a 000 0 cze d
035 |a (OCoLC)25187832 
035 |9 AHM7017AM 
040 |a YKM  |c YKM  |d TXA  |d UtOrBLW 
043 |a e-xr--- 
049 |a TXAM 
090 |a NA6840.C942  |b P76 1983 
100 1 |a Šnejdar, Josef. 
245 1 0 |a Národní divadlo 1983 :  |b rekonstrukce a dostavba okolí /  |c [Josef Šnejdar a kolektiv]. 
250 |a Vyd. 1. 
264 1 |a České Budějovice :  |b Pozemní stavby,  |c 1983. 
300 |a 355 pages :  |b illustrations (some color) ;  |c 34 cm. 
336 |a text  |b txt  |2 rdacontent 
337 |a unmediated  |b n  |2 rdamedia 
338 |a volume  |b nc  |2 rdacarrier 
500 |a Text by Jan Beneš, Pavel Kupka, Václav Malý, Karel Prager, Josef Roček, Josef Soustružník, Josef Šnejdar, Zdeněk Vávra. 
500 |a "Bylo použito materiálů z chystané publikace Otakara Nového Průvodce po Národním divadle"--Colophon. 
610 2 0 |a Národní divadlo v Praze. 
650 0 |a Theaters  |z Czech Republic  |x Conservation and restoration. 
999 |a MARS 
999 f f |s 77cbaa84-399a-3b92-ab2d-f080c4b9de6e  |i e91a2f6c-bd07-309c-980d-a6dc47b96fa3  |t 0 
952 f f |p ric  |a Texas A&M University  |b Rellis Campus  |c Joint Library Facility  |d Remote Storage  |t 0  |e NA6840.C942 P76 1983  |h Library of Congress classification  |i unmediated -- volume  |m A14822018173 
998 f f |a NA6840.C942 P76 1983  |t 0  |l Remote Storage